| 000 | 00676nam a2200205 i 4500 | ||
|---|---|---|---|
| 001 | bg | ||
| 100 | 1 | _aŁAPKO, Andrzej | |
| 245 | 0 |
_aProjektowanie elementów konstrukcyjnych z betonu niezbrojonego i żelbetu / _cAndrzej Łapko. |
|
| 260 |
_aBiałystok : _bWydawnictwa PB, _c1991. |
||
| 300 |
_a199, [2] s., [6] k. tabl. : _brys., wykr. ; _c23 cm. |
||
| 490 | 1 | _aSkrypty / Politechnika Białostocka | |
| 504 | _aBibliogr. s. 199. | ||
| 710 | _aPOLITECHNIKA BIAŁOSTOCKA (Białystok) | ||
| 830 | 0 | _aSkrypty (Politechnika Białostocka) | |
| 040 | _cBPK | ||
| 041 | _apol | ||
| 080 | _a666.97/.98:539.4](075.8) | ||
| 942 | _cKS | ||
| 008 | s pl f |000 0 pol | ||
| 999 |
_c6198 _d6198 |
||
| 856 |
_uhttp://koha.tu.koszalin.pl/cgi-bin/koha/opac-detail.pl?biblionumber=6198 _yKatalog online BPK |
||